This is Palm Island / (Record no. 199572)
[ view plain ]
| 000 -LEADER | |
|---|---|
| fixed length control field | 01038cam0a220030100 4500 |
| 001 - CONTROL NUMBER | |
| control field | lce00432381 |
| 005 - DATE AND TIME OF LATEST TRANSACTION | |
| control field | 20190830123315.0 |
| 008 - FIXED-LENGTH DATA ELEMENTS--GENERAL INFORMATION | |
| fixed length control field | 801208s1978 at b 000 0aeng |
| 010 ## - LIBRARY OF CONGRESS CONTROL NUMBER | |
| LC control number | 78058282 //r90 |
| 015 ## - NATIONAL BIBLIOGRAPHY NUMBER | |
| National bibliography number | Aus*** |
| 020 ## - INTERNATIONAL STANDARD BOOK NUMBER | |
| International Standard Book Number | 0855750693 |
| 035 ## - SYSTEM CONTROL NUMBER | |
| System control number | (Sirsi) r29982 |
| 035 ## - SYSTEM CONTROL NUMBER | |
| System control number | (DLC) 78058282 //r90 |
| 035 ## - SYSTEM CONTROL NUMBER | |
| System control number | (UPRA)lce00432381 |
| 040 ## - CATALOGING SOURCE | |
| Original cataloging agency | DLC |
| Transcribing agency | DLC |
| Modifying agency | DLC |
| 043 ## - GEOGRAPHIC AREA CODE | |
| Geographic area code | u-at--- |
| 050 00 - LIBRARY OF CONGRESS CALL NUMBER | |
| Classification number | GN666.R615 |
| Item number | A37 |
| 082 00 - DEWEY DECIMAL CLASSIFICATION NUMBER | |
| Classification number | 301.45/19/910943 |
| Edition number | 19 |
| 100 1# - MAIN ENTRY--PERSONAL NAME | |
| Personal name | Rosser, Bill. |
| Linkage | A94444.1 |
| 245 10 - TITLE STATEMENT | |
| Title | This is Palm Island / |
| Statement of responsibility, etc. | Bill Rosser. |
| 260 ## - PUBLICATION, DISTRIBUTION, ETC. | |
| Place of publication, distribution, etc. | Canberra : |
| Name of publisher, distributor, etc. | Australian Institute of Aboriginal Studies, |
| Date of publication, distribution, etc. | 1978. |
| 504 ## - BIBLIOGRAPHY, ETC. NOTE | |
| Bibliography, etc. note | Includes bibliographical references. |
| 600 10 - SUBJECT ADDED ENTRY--PERSONAL NAME | |
| Personal name | Rosser, Bill. |
| Linkage | S67776.1 |
| 650 #0 - SUBJECT ADDED ENTRY--TOPICAL TERM | |
| Topical term or geographic name entry element | Australian aborigines -- Biography. |
| General subdivision | Australian aborigines -- Biography. |
| Linkage | S67777.1 |
| 650 #0 - SUBJECT ADDED ENTRY--TOPICAL TERM | |
| Topical term or geographic name entry element | Australian aborigines -- Government relations. |
| General subdivision | Australian aborigines -- Government relations. |
| Linkage | S37885.1 |
| 949 ## - LOCAL PROCESSING INFORMATION (OCLC) | |
| a | GN666.R615 |
| w | lcc |
| i | -33649 |
| m | MAIN |
| t | BOOK |
| l | ON-SHELF |
No items available.